000 00898nam a2200217Ii 4500
003 JO-AjNU
008 230605s9999||||xx |||||||||||||| ||und||
017 _a1982/3734
040 _aJO-AjNU
_bara
_erda
_cJO-AjNU
041 _aara
050 1 4 _aHV10.5 .M336 1983
100 3 _aتاليف: خليفة، محروس محمود /م.مشارك: ابراهيم بيومي مرعي,
_eauthor
_916872
245 0 0 _aاتجاهات الرعاية الاجتماعية ومداخلها المهنية
264 3 1 _aالاسكندرية: المكتب الجامعي الحديث، 1983
300 _a238ص
_bيحتوي على ببلوغرافية من 235-238ص
336 _atext
_btxt
_2rdacontent
337 _aunmediated
_bn
_2rdamedia
338 _avolume
_bnc
_2rdacarrier
490 0 _aسلسلة كتب الخدمة الاجتماعية ؛ 1
650 4 _a الخدمة الاجتماعية
_916873
999 _aA5096
_c8664
_d8664